The French melting pot : immigration, citizenship, and national identity
Saved in:
| Main Author: | |
|---|---|
| Format: | Book |
| Language: | English French |
| Published: |
Minneapolis :
University of Minnesota Press,
1996.
|
| Series: | Contradictions of modernity ;
5 |
| Subjects: | |
| Tags: |
Add Tag
No Tags, Be the first to tag this record!
|
MARC
| LEADER | 00000cam a2200000 i 4500 | ||
|---|---|---|---|
| 001 | 1/26467 | ||
| 008 | 981217s1996 us | ||| |||| ||eng|| | ||
| 020 | |a 0816624208 | ||
| 035 | |l 10037586 | ||
| 040 | |a GR-MyUA |b gre |e AACR2 | ||
| 041 | 1 | |a eng |h fre | |
| 082 | 0 | |a 304.844 | |
| 100 | 1 | |a Noiriel, Gerard. | |
| 245 | 1 | 4 | |a The French melting pot : |b immigration, citizenship, and national identity / |c Gerard Noiriel ; Translated by Geoffroy de Laforcade ; foreword by Charles Tilly. |
| 260 | |a Minneapolis : |b University of Minnesota Press, |c 1996. | ||
| 300 | |a 325 σ. | ||
| 490 | 1 | |a (Contradictions of modernity |v ; 5) | |
| 504 | |a Περιέχει βιβλιογραφικές αναφορές και ευρετήριο. | ||
| 500 | |a Τίτλος πρωτοτύπου: Le creuset francais: Historie de l'immigration xixe-xxe siecles. | ||
| 651 | 0 | |a France |x Emigration and immigration |x History |y 19th century. | |
| 651 | 0 | |a France |x Emigration and immigration |x History |y 20th century. | |
| 830 | 0 | |a Contradictions of modernity ; |v 5 | |
| 852 | |a INST |b LESVOS |e 19981217 |h 304.844 NOI |p 005100016602 |q 005100016602 |t BK |y 0 | ||
| 901 | |a BIBL-1999-1 | ||
| 909 | |a Λ |b 061076 | ||
| 922 | |a 1ΕΛΗ |b 199811 |c ΚΠΣ/ΤΚ |d ΠΑΠΑΣΩΤΗΡΙΟΥ | ||
| 950 | |a 103-1998-07-27 | ||